| 000 | 00684nam a22001697a 4500 | ||
|---|---|---|---|
| 003 | OSt | ||
| 005 | 20220107122757.0 | ||
| 008 | 150330b xxu||||| |||| 00| 0 eng d | ||
| 040 | _c | ||
| 100 |
_aLekshmy Priya T S (92312007) _96332 |
||
| 245 | _aWatershed development prioritization and site identification for soil and water conservation structures | ||
| 502 |
_bMSc. Geoinformatics _c2012 - 2014 _dINT _eRadhakrishnan T _fSheeja R V (Kerala State Remote Sensing and Environment Centre) _g"Kerala State Remote Sensing and Environment Centre, Thiruvananthapuram" |
||
| 650 |
_aMORPHOMETRY _96333 |
||
| 650 |
_aTOPOGRAPHY _96334 |
||
| 650 |
_aWATERSHED MANAGEMENT _96335 |
||
| 942 |
_2ddc _cPR |
||
| 999 |
_c4572 _d4572 |
||